000 00892nas a2200301 4500
001 BR7806018
003 BR-BrBNA
005 20231205083527.0
007 ta
008 230509b bl.|||p| |||| 00| 00por d
040 _aBR-BrBNA
_bpor
_cBiblioteca Nacional de Agricultura
041 _a(Pt)
072 _aK10; K50; K20
100 1 _aSpeltz, G.E.
245 1 _aUsos multiplos da madeira [floresta, desbaste, secagem artificial, Brasil]
650 _aMADEIRA
650 _aFLORESTA
650 _aDESBASTE
650 _aREFLORESTAMENTO
650 _aSILVICULTURA
650 _aRECURSO FLORESTAL
650 _aSECAGEM ARTIFICIAL
650 _aINDUSTRIA FLORESTAL
650 _aECONOMIA FLORESTAL
773 0 _tRevista da Madeira (Brazil)
_xISSN 0034-7582
_g(Nov 1978), v. 27(323) p. 13, 16, 21-24
_wBR7806018
909 _a202311
_bLúcia
_c55
_dLúcia Elande
942 _2AGRIS
_n0
_cANA
999 _c99408
_d99408